00560nam a22001697a 450000500170000001000150001702000260003203500140005803700140007208200110008610000210009724500790011826000590019727000670025630000350032350000320035820180905100843.0 aENG-124101 a9780143426646c399.00 aEN-107633 bDBAD/PUB. a181.46 aSengupta, Hindol aThe modern monk:cby Hindol Senguptabwhat vivekananda means to us today / aGurgaon bALLEN LANE an imprint of Penguin Booksc2016 a7th Floor, Infinity Tower C, DLF Cyber City,bGurgaon e122002 a207p.c21cm(pbk)bill. picture aIt includes notes and index